000
00310nam a2200121Ia 4500
008
190216s9999||||xx |||||||||||||| ||und||
100
_a
"Bansal.R.K & Bhatia,H,K"
245
0
_a
Comperhensive Question Bank Xii
260
_b
Laxmi Publication Ltd
_c
2004
300
_a
696
650
_a
Biology
942
_c
REF
999
_c
36719
_d
36719